You are what you believe

Bibliographic Details
Main Author: Shahreen Kamaluddin
Format: Book
Published: Kuala Lumpur : Inspirational Books , 1992
Subjects:

MARC

LEADER 00000cam a2200000 7i4500
001 0000007012
005 20050629.0
020 |a 9839067001 
040 |a INS 
090 0 0 |a BT993.2.   |b K55 1992 
100 0 |a Shahreen Kamaluddin 
245 1 0 |a You are what you believe   |c Shareen Kamaluddin 
260 |a Kuala Lumpur :   |b Inspirational Books ,   |c 1992 
300 |a 129p ;   |c 24cm. 
650 0 0 |a Success 
999 |a 0000007652   |b BOOK   |c Open Shelf   |e Default branch